| 000 | 00423nam a2200169Ia 4500 | ||
|---|---|---|---|
| 003 | GCL | ||
| 008 | 140319s9999 xx 000 0 eng d | ||
| 040 |
_aGCL / _cGCL |
||
| 082 | 0 | 4 |
_a915.1 _bC |
| 245 | 1 | 0 |
_aCANCELLED : _bFROM BONES TO COMPUTER BYTES |
| 300 |
_a22 CM ؛ _c83 P |
||
| 650 | 0 | 4 | _aCHINA - HISTORY |
| 650 | 0 | 4 | _aCHINESE ARTS |
| 650 | 0 | 4 | _aCALLIGRAPHY - CHINA |
| 650 | 0 | 4 | _aCHINESE CALLIGRAPHY |
| 942 |
_2ddc _cBK |
||
| 999 |
_c9098 _d9098 |
||